000 00689nam a2200181Ia 4500
008 151018s9999 xx 000 0 und d
082 _bRBASDV30310
_a891.463
100 _aसंजय सोनवणी
245 _aडेथ आँफ दि प्राईम मिनिस्टर
250 _b2
260 _bपुष्प प्रकाशन पुणे
_c1993
300 _a141
600 _aसंजय सोनवणी
630 _aडेथ आँफ दि प्राईम मिनिस्टर
700 _aसंजय सोनवणी
730 _aडेथ आँफ दि प्राईम मिनिस्टर
942 _cBOOK
999 _c1029845
_d1029842